00721nam a2200193 a 450000500170000000800410001702000180005805000220007610000180009824500710011626000370018730000230022444000590024765000260030665000290033265000470036199900190040895201000042720140412111302.0001111s19uu xx 00 eng d a0-394-88867-7 aM 222.5bLIT 1987 aLittle, Emily aDavid and the giant /cEmily Little ; illustrated by Hans Wilhelm. aNew York :bRandom House,c1987. a32 p. ; col.; ill. aSteps into reading. A step 1 book. Preschool - Grade 1 aDavid, King of Israel aGoliath (Biblical giant) aBible Stories, English - O.T. (1st Samuel) c103464d103464 001040aELbELcMd2000-11-11l0oM 222.5 LIT 1987pE4897r2014-04-12 00:00:00w2014-04-12yBK